书目信息 |
| 题名: |
我的同事是AI
|
|
| 作者: | ;达菲 译 ;日经企业家领袖 , 日经大数据 编 | |
| 分册: | ||
| 出版信息: | 上海 格致出版社 2018 |
|
| 页数: | 230页 | |
| 开本: | 21cm | |
| 丛书名: | ||
| 单 册: | ||
| 中图分类: | F2-39 , TP18 , F2 | |
| 科图分类: | ||
| 主题词: | 人工智能--ren gong zhi neng--应用--经济管理 | |
| 电子资源: | ||
| ISBN: | 978-7-5432-2912-9 | |
| 000 | 01290nam0 2200289 450 | |
| 001 | 1950404218 | |
| 005 | 20181122164846.3 | |
| 010 | @a978-7-5432-2912-9@dCNY 45.00 | |
| 099 | @aCAL 012018180727 | |
| 100 | @a20180915d2018 em y0chiy50 ea | |
| 101 | 1 | @achi@cjpn |
| 102 | @aCN@b310000 | |
| 105 | @aak z 000yy | |
| 200 | 1 | @a我的同事是AI@Awo de tong shi shi AI@f日经企业家领袖, 日经大数据编@g达菲译 |
| 210 | @a上海@c格致出版社@c上海人民出版社@d2018 | |
| 215 | @a230页@c图@d21cm | |
| 305 | @a本书据2017年日文版译出 | |
| 330 | @a本书之所以编纂, 是为介绍AI人工智能 (以下简称AI) 逐渐受到重视的背景因素、观察现今AI运用的实况、AI到底为现代生活带来何种变化等。由于AI取代了许多机械性劳务, 劳动者能够往更高阶的职种, 比方说创意发想方面移动。但AI当然不是万能, 管理者亦必须精益求精, 才能充分驾驭这项跨世代工具并让它发挥该有的功能; 另外也提到, 一般员工也许会在公司导入AI系统时受到冲击, 但时间一久, 必定会产生其他新型态的业务, 长期看来仍然是会促进人类社会整体发展的。 | |
| 606 | 0 | @a人工智能@Aren gong zhi neng@x应用@x经济管理 |
| 690 | @aF2-39@v5 | |
| 690 | @aTP18@v5 | |
| 690 | @aF2@v4 | |
| 702 | 0 | @a达菲@Ada fei@4译 |
| 711 | 02 | @a日经企业家领袖@Ari jing qi ye jia ling xiu@4编 |
| 711 | 02 | @a日经大数据@Ari jing da shu ju@4编 |
| 801 | 0 | @aCN@bWHUTL@c20181122 |
| 905 | @aBZT@dF2@e5 | |
| 我的同事是AI/日经企业家领袖, 日经大数据编/达菲译.-上海:格致出版社:上海人民出版社,2018 |
| 230页:图;21cm |
| ISBN 978-7-5432-2912-9:CNY 45.00 |
| 本书之所以编纂, 是为介绍AI人工智能 (以下简称AI) 逐渐受到重视的背景因素、观察现今AI运用的实况、AI到底为现代生活带来何种变化等。由于AI取代了许多机械性劳务, 劳动者能够往更高阶的职种, 比方说创意发想方面移动。但AI当然不是万能, 管理者亦必须精益求精, 才能充分驾驭这项跨世代工具并让它发挥该有的功能; 另外也提到, 一般员工也许会在公司导入AI系统时受到冲击, 但时间一久, 必定会产生其他新型态的业务, 长期看来仍然是会促进人类社会整体发展的。 |
| ● |
| 相关链接 |
|
|
|
正题名:我的同事是AI
索取号:F2/5
 
预约/预借
| 序号 | 登录号 | 条形码 | 馆藏地/架位号 | 状态 | 备注 |
| 1 | 868507 | 2000868507 | 第二书库/ [索取号:F2/5] | 在馆 | |
| 2 | 868508 | 2000868508 | 第二书库/ [索取号:F2/5] | 在馆 | |
| 3 | 868509 | 2000868509 | 第二书库/ [索取号:F2/5] | 在馆 |